Opustená román

Bibliographic Details
Main Author: Courths-Mahler, Hedwig, 1867-1950 (Author)
Other Authors: Horváth, Július (Translator), Harmos, Karol, 1879-1956 (nob)
Format: Book
Language:Slovak
PhysicalDescription:[2], 128 s. 8°
Published: Bratislava Kultúra 1929
Series:Knihy Kultúry zv. 2
Subjects:

MARC

LEADER 00000nam a2200000 a 4500
001 vtls001464344
003 SK-MaSNL
005 20260301014256.0
008 240314s1929 xo 0 slo
015 |a SNBA19191938-001385 
035 |a SNK000419649 
040 |a SNK  |b slo  |c SNK  |e AACR2 
041 0 |a slo 
044 |a xo  |c SK 
080 |a 830-3  |2 1981 
100 1 |a Courths-Mahler, Hedwig,  |d 1867-1950  |4 aut  |9 264792 
245 1 0 |a Opustená  |b román  |c Hedvig Courths-Mahlerová ; prel. Július Horváth 
260 |a Bratislava  |b Kultúra  |c 1929  |e Bratislava  |f Typografia 
300 |a [2], 128 s.  |c 8° 
490 0 |a Knihy Kultúry  |v zv. 2 
500 |a Ob. nakreslil K. Harmoš 
650 0 7 |a nemecké romány  |2 SNK  |9 85211 
655 7 |a umelecká literatúra  |2 SNK  |9 60405 
700 1 |a Horváth, Július  |4 trl  |9 268585 
700 1 |a Harmos, Karol,  |d 1879-1956  |4 nob  |9 17817 
958 |a OND 
958 |a RK 
958 |a TL 
999 |c 558263  |d 560193 
952 |t P60, <03>, [BOOK], {603}  |a SNK  |b SNK  |y PREZ  |7 0  |p 17A0406644  |o snkSD 9431  |i snk7171/54  |0 0  |1 0  |4 0  |d 2003-11-29  |l 0  |r 2025-11-24 00:00:00  |w 2026-02-23 
952 |a SNK  |b SNK  |y VYP  |7 0  |p 17A1050857  |o snkSD 9431 D1  |i snkKSF 1329/57  |8 5  |0 0  |1 0  |4 0  |d 2012-10-31  |l 0  |r 2026-02-23 13:32:22  |w 2026-02-23